काव्य-सिद्धान्त / (Record no. 113902)
[ view plain ]
| 000 -LEADER | |
|---|---|
| fixed length control field | 01156nam a22002657a 4500 |
| 005 - DATE AND TIME OF LATEST TRANSACTION | |
| control field | 20170124103000.0 |
| 010 ## - LIBRARY OF CONGRESS CONTROL NUMBER | |
| LC control number | B-055700 |
| 020 ## - INTERNATIONAL STANDARD BOOK NUMBER | |
| Terms of availability | 200.00 |
| International Standard Book Number | 8170631262 |
| 035 ## - SYSTEM CONTROL NUMBER | |
| System control number | B-055700 |
| 037 ## - SOURCE OF ACQUISITION | |
| Source of stock number/acquisition | Cen Lib/Ret |
| 040 ## - CATALOGING SOURCE | |
| Original cataloging agency | DPL |
| Language of cataloging | HN |
| 082 ## - DEWEY DECIMAL CLASSIFICATION NUMBER | |
| Classification number | 821.08 |
| Item number | शास्त्रीश |
| 100 ## - MAIN ENTRY--PERSONAL NAME | |
| Personal name | शास्त्री, ओमप्रकाश शर्मा |
| 9 (RLIN) | 54353 |
| 245 ## - TITLE STATEMENT | |
| Title | काव्य-सिद्धान्त / |
| Statement of responsibility, etc | ओमप्रकाश शर्मा शास्त्री |
| 246 ## - VARYING FORM OF TITLE | |
| Title proper/short title | Kavye-sidhdhant / |
| Remainder of title | by Omprakash Sharma Shastri |
| 260 ## - PUBLICATION, DISTRIBUTION, ETC. (IMPRINT) | |
| Name of publisher, distributor, etc | आर्य बुक डिपो |
| Date of publication, distribution, etc | 2001 |
| Place of publication, distribution, etc | नई दिल्ली |
| 270 ## - ADDRESS | |
| Address | 30, नाईवाला, करोल बाग |
| City | नई दिल्ली |
| Postal code | 110005 |
| 300 ## - PHYSICAL DESCRIPTION | |
| Extent | 385पृ. |
| Dimensions | 21सेमी (सजिल्द) |
| 500 ## - GENERAL NOTE | |
| General note | संदर्भ शामिल |
| 650 ## - SUBJECT ADDED ENTRY--TOPICAL TERM | |
| Topical term or geographic name as entry element | हिन्दी -- साहित्य |
| 9 (RLIN) | 54354 |
| 650 ## - SUBJECT ADDED ENTRY--TOPICAL TERM | |
| Topical term or geographic name as entry element | हिन्दी -- काव्य |
| 9 (RLIN) | 779 |
| 650 ## - SUBJECT ADDED ENTRY--TOPICAL TERM | |
| Topical term or geographic name as entry element | Hindi -- Literature |
| 9 (RLIN) | 54355 |
| 650 ## - SUBJECT ADDED ENTRY--TOPICAL TERM | |
| Topical term or geographic name as entry element | Hindi - Poem |
| 9 (RLIN) | 54356 |
| 942 ## - ADDED ENTRY ELEMENTS (KOHA) | |
| Source of classification or shelving scheme | Dewey Decimal Classification |
| Koha item type | Hindi Books |
| Classification part | 821.08 |
| Call number suffix | शास्त्रीश |
| Withdrawn status | Lost status | Damaged status | Not for loan | Home library | Current library | Date acquired | Source of acquisition | Cost, normal purchase price | Total Checkouts | Full call number | Barcode | Date last seen | Date checked out | Copy number | Cost, replacement price | Price effective from | Koha item type |
|---|---|---|---|---|---|---|---|---|---|---|---|---|---|---|---|---|---|
| Central Library | Central Library | 13/08/2015 | Cen Lib/Ret | 200.00 | 1 | 821.08 शास्त्रीश | B-055700 | 09/05/2022 | 22/04/2022 | 1 | 200.00 | 13/08/2015 | Hindi Books |
